000 00284nam a2200121Ia 4500
008 191201s2005 xx 000 0 und d
100 _aMENON, Murli
245 0 _aZeNLP the Power to Relax
260 _aN.Delhi
_bNew Dawn
_c2005
300 _a115
650 _aApplied
942 _2ddc
_cBK
999 _c2040
_d2040